01001 2200313 4500001002100000005001500021035002000036007000300056008004100059020002200100082001200122084001400134100003000148245013800178250003400316300004500350650001100395700003100406504003400437264004200471336002100513337003000534338002300564040002200587090002200609850001200631999002200643990002200665INLIS00000000088923220240725013112 a0010-0724001131ta240725s2024 yoia g ind d a978-623-515-010-904223a650 a650 EKA j0 aEkaning BenawiePengarang10aJangan langsung berbisnis tanpa buku ini :bpanduan praktis menjadi enterpreneur sukses /cEkaning Benawi; penyunting, Arif Ishartadi aCetakan Pertama, Agustus 2024 ax, 230 halaman :bgambar, tabel ;c20 cm 4aBisnis0 aArif IshartadiePenyunting aBibliografi : halaman 225-22831aBantul :bAnak Hebat Indonesia,c2024 2rdacontentateks 2rdamediaatanpa perantara 2rdacarrieravolume aYOPDYOGbinderda aCB-D.11 2024-2308 aYOPDYOG aCB-D.11/2024-2308 aCB-D.11/2024-2308